[Event "TUR Cup"]
[Site "Antalya"]
[Date "2020.01.26"]
[Round "1"]
[White "Erdal, Vehbi"]
[Black "Erdal, Emre"]
[Result "0-1"]
[WhiteElo "1133"]
[BlackElo "1833"]
[PlyCount "100"]
[EventDate "2020.01.26"]
[EventType "swiss"]
[EventRounds "11"]
[EventCountry "TUR"]
[SourceTitle "CBM 194 Extra"]
[Source "ChessBase"]
[SourceDate "2020.03.31"]
[SourceVersion "1"]
[SourceVersionDate "2020.03.31"]
[SourceQuality "1"]

1. Nf3 d5 2. d3 Nf6 3. g3 Bf5 4. Bg2 e6 5. 0-0 Bd6 6. c4 0-0 7. Nc3 c6 8. Re1 Bg6 9. e4 dxe4 10. dxe4 e5 11. a3 Qc7 12. b4 Rd8 13. Bd2 Nbd7 14. h3 Nf8 15. Qc1 N6d7 16. Nh4 f6 17. c5 Be7 18. f4 b6 19. Nxg6 hxg6 20. f5 bxc5 21. bxc5 Nxc5 22. Bf1 Nd3 23. Bxd3 Rxd3 24. Nd5 Rxd5 25. exd5 Rc8 26. dxc6 Qxc6 27. fxg6 Qb6+ 28. Be3 Rxc1 29. Bxb6 Rxe1+ 30. Rxe1 axb6 31. a4 Nxg6 32. Rc1 Bc5+ 33. Kg2 Kf7 34. a5 Ne7 35. a6 Nc6 36. Ra1 Na7 37. Rd1 Ke7 38. Kf3 Bd6 39. Ke4 g6 40. h4 f5+ 41. Kd5 e4 42. Rb1 e3 43. Rxb6 e2 44. Rb7+ Kf6 45. Kxd6 e1Q 46. Rxa7 Qxg3+ 47. Kc6 Qc3+ 48. Kb6 Ke6 49. Ra8 Kd7 50. a7 Qc6+ 0-1

[Event "TUR Cup"]
[Site "Antalya"]
[Date "2019.02.03"]
[Round "11"]
[White "Erdal, Vehbi"]
[Black "Bilgin, Kaan Bora"]
[Result "0-1"]
[WhiteElo "1127"]
[BlackElo "1277"]
[PlyCount "46"]
[EventDate "2019.01.27"]
[EventType "swiss"]
[EventRounds "11"]
[EventCountry "TUR"]
[SourceTitle "CBM 188 Extra"]
[Source "ChessBase"]
[SourceDate "2019.02.28"]
[SourceVersion "1"]
[SourceVersionDate "2019.02.28"]
[SourceQuality "1"]

1. c4 e6 2. Nc3 Nf6 3. g3 d5 4. cxd5 exd5 5. d4 Be7 6. Bg2 0-0 7. e4 dxe4 8. Nxe4 Nxe4 9. Bxe4 Bb4+ 10. Bd2 Bxd2+ 11. Qxd2 Re8 12. f3 f5 13. Qd3 fxe4 14. fxe4 Qe7 15. e5 c5 16. Nf3 cxd4 17. Qxd4 Nc6 18. Qf4 Nxe5 19. Nxe5 Qxe5+ 20. Qxe5 Rxe5+ 21. Kf2 Bg4 22. Rae1 Rf8+ 23. Kg2 Bf3+ 0-1